000 00411 a2200169 4500
001 183098
020 _a85-00-00329-4
040 _cMagnum
100 _aTolstoi, Leon
240 1 0 _aA morte de Ivan Ilitch e Os três anciãos
_lpor
245 1 0 _aA morte de Ivan Ilitch e Os três anciãos
300 _a126
362 0 _a1997
440 1 _aEdiouro
697 _aLITERATURA GERAL ESTRANGEIRA
942 _cBK
999 _c183098
_d183098